[Event "World Junior Chess Championship U18 g"]
[Site "Gaziantep"]
[Date "2008.08.07"]
[Round "6.2"]
[White "Harika, Dronavalli"]
[Black "Dauletova, Gulmira"]
[Result "1-0"]
[WhiteElo "2461"]
[BlackElo "2267"]
[PlyCount "103"]
[EventDate "2008.08.??"]
[EventType "swiss"]
[EventRounds "13"]
[EventCountry "TUR"]

1. d4 Nf6 2. c4 g6 3. Nc3 Bg7 4. e4 d6 5. Bd3 O-O 6. Nge2 c5 7. d5 e6 8. O-O
exd5 9. cxd5 Nbd7 10. a4 b6 11. h3 a6 12. f4 Re8 13. Ng3 Qc7 14. Qf3 c4 15. Bc2
Rb8 16. Qf2 b5 17. axb5 axb5 18. Ra7 Qd8 19. e5 dxe5 20. f5 Rf8 21. d6 Qb6 22.
Qxb6 Rxb6 23. Rd1 Re8 24. Be3 Rb8 25. Nce4 Bb7 26. Nxf6+ Bxf6 27. Be4 Bc8 28.
Bc6 Rd8 29. Ne4 Bg7 30. fxg6 hxg6 31. Rc7 Nf8 32. Ba7 Bf5 33. Bxb8 Rxb8 34. g4
Bxe4 35. Bxe4 Ne6 36. Ra7 Bf8 37. Kh1 b4 38. Bd5 c3 39. Bxe6 fxe6 40. bxc3 bxc3
41. Rc7 Rd8 42. Rxc3 g5 43. Rc5 Bg7 44. Kg2 Kf7 45. Rc7+ Kf6 46. Kf3 Bf8 47. d7
Ba3 48. Rc8 Ke7 49. Rxd8 Kxd8 50. Ke4 Bb2 51. Rd6 Bd4 52. Rxe6 1-0

[Event "World Junior Chess Championship U18 g"]
[Site "Gaziantep"]
[Date "2008.08.07"]
[Round "6.3"]
[White "Nakhbayeva, Guliskhan"]
[Black "Gomes, Mary Ann"]
[Result "1-0"]
[WhiteElo "2170"]
[BlackElo "2316"]
[PlyCount "117"]
[EventDate "2008.08.??"]
[EventType "swiss"]
[EventRounds "13"]
[EventCountry "TUR"]

1. d4 e6 2. c4 f5 3. g3 Nf6 4. Bg2 d5 5. Nf3 c6 6. O-O Bd6 7. b3 Qe7 8. Bb2 O-O
9. Nc3 Nbd7 10. Qc2 Ne4 11. Rad1 g5 12. Nxe4 dxe4 13. Ne5 Nxe5 14. dxe5 Bc7 15.
g4 Bd7 16. Qc3 fxg4 17. Bxe4 Be8 18. c5 Bh5 19. Qc4 Rae8 20. Rd2 Qf7 21. e3 Qg7
22. Qc3 Re7 23. b4 Bg6 24. Bxg6 Qxg6 25. Rd6 Rf3 26. Qc4 Qf5 27. Qd4 Rf7 28. e4
Qg6 29. Rd7 Rxd7 30. Qxd7 Rf7 31. Qc8+ Kg7 32. Re1 Kh6 33. Bd4 Kh5 34. Kg2 Qg7
35. Qxe6 Re7 36. Qf6 Rf7 37. Qxg7 Rxg7 38. Bc3 Re7 39. Rd1 Bxe5 40. Bxe5 Rxe5
41. Rd7 Kg6 42. f3 gxf3+ 43. Kxf3 a5 44. a3 axb4 45. axb4 h5 46. Rxb7 Re6 47.
Rd7 Rf6+ 48. Kg3 Rf4 49. Rd6+ Kf7 50. Rxc6 Rxe4 51. b5 Rb4 52. b6 Ke7 53. Rc7+
Kd8 54. Rg7 Rb3+ 55. Kg2 Rb2+ 56. Kf3 g4+ 57. Kg3 Kc8 58. Rh7 Rb3+ 59. Kf4 1-0

[Event "World Junior Chess Championship U18 g"]
[Site "Gaziantep"]
[Date "2008.08.07"]
[Round "6.4"]
[White "Nemcova, Katerina"]
[Black "Nikolova, Adriana"]
[Result "0-1"]
[WhiteElo "2372"]
[BlackElo "2242"]
[PlyCount "76"]
[EventDate "2008.08.??"]
[EventType "swiss"]
[EventRounds "13"]
[EventCountry "TUR"]

1. e4 c5 2. Nf3 d6 3. d4 cxd4 4. Nxd4 Nf6 5. Nc3 a6 6. Be3 e5 7. Nb3 Be7 8. f3
Be6 9. Qd2 O-O 10. O-O-O Nbd7 11. g4 b5 12. g5 b4 13. Ne2 Ne8 14. h4 a5 15. Kb1
a4 16. Nbc1 Nb6 17. Ng3 d5 18. Bxb6 Qxb6 19. exd5 Rd8 20. Bc4 Nc7 21. Qe2 Nxd5
22. Bxd5 Bxd5 23. Qxe5 Qe6 24. Qf5 g6 25. Qxe6 fxe6 26. Rhf1 Bxf3 27. Rxd8 Bxd8
28. Nd3 Bc7 29. Nh1 Bd6 30. Re1 Bd5 31. b3 axb3 32. axb3 Rf3 33. Kb2 Rh3 34.
Nhf2 Rxh4 35. Rg1 Bf3 36. Re1 Bd5 37. c4 bxc3+ 38. Kxc3 Bc7 0-1

[Event "World Junior Chess Championship U18 g"]
[Site "Gaziantep"]
[Date "2008.08.07"]
[Round "6.5"]
[White "Hoolt, Sarah"]
[Black "Nadig, Kruttika"]
[Result "1/2-1/2"]
[WhiteElo "2298"]
[BlackElo "2241"]
[PlyCount "85"]
[EventDate "2008.08.??"]
[EventType "swiss"]
[EventRounds "13"]
[EventCountry "TUR"]

1. e4 c5 2. Nf3 d6 3. d4 cxd4 4. Nxd4 Nf6 5. Nc3 a6 6. g3 e5 7. Nde2 b5 8. Bg2
Bb7 9. h3 Nbd7 10. g4 Nb6 11. O-O b4 12. Nd5 Nfxd5 13. exd5 Be7 14. Ng3 O-O 15.
Nf5 Rc8 16. a3 g6 17. Nxe7+ Qxe7 18. Bh6 Rfe8 19. axb4 Qc7 20. Be4 Qe7 21. b3
f5 22. Be3 fxe4 23. Bxb6 Rc3 24. f3 Rec8 25. Ra2 exf3 26. Bf2 e4 27. Bd4 Qh4
28. Qe1 Qxh3 29. Rf2 Qxg4+ 30. Kh1 R3c7 31. c4 Rf7 32. Qe3 Qf4 33. Ra1 g5 34.
Qxf4 Rxf4 35. Rh2 Rg4 36. Rg1 Rxg1+ 37. Kxg1 Re8 38. Rh5 e3 39. Rxg5+ Kf8 40.
Rf5+ Kg8 41. Rg5+ Kf8 42. Rf5+ Kg8 43. Rg5+ 1/2-1/2

[Event "World Junior Chess Championship U18 g"]
[Site "Gaziantep"]
[Date "2008.08.07"]
[Round "6.6"]
[White "Mikadze, Miranda"]
[Black "Kazimova, Narmin"]
[Result "1-0"]
[WhiteElo "2258"]
[BlackElo "2148"]
[PlyCount "77"]
[EventDate "2008.08.??"]
[EventType "swiss"]
[EventRounds "13"]
[EventCountry "TUR"]

1. e4 c5 2. Nf3 d6 3. Bc4 Nf6 4. Qe2 e6 5. Bb3 Be7 6. c3 O-O 7. O-O b6 8. Rd1
Ba6 9. d3 Nc6 10. Nbd2 Ne5 11. Ne1 Ng6 12. Nf1 Qc7 13. f4 Rac8 14. Bc2 Rfd8 15.
Nf3 Nf8 16. Qf2 d5 17. e5 Ng4 18. Qg3 Nh6 19. d4 Be2 20. Rd2 Bxf3 21. Qxf3 cxd4
22. cxd4 Bb4 23. Re2 Nf5 24. Bxf5 exf5 25. g4 Qc4 26. Be3 Qd3 27. gxf5 Qxf5 28.
Rd1 Ng6 29. Ng3 Qh3 30. f5 Nh4 31. Qf1 Qg4 32. Rf2 g5 33. a3 Bf8 34. Rd3 Rc4
35. b3 Rc6 36. Bd2 Rh6 37. h3 Nf3+ 38. Rfxf3 Rxh3 39. Qg2 1-0

[Event "World Junior Chess Championship U18 g"]
[Site "Gaziantep"]
[Date "2008.08.07"]
[Round "6.7"]
[White "Padmini, Rout"]
[Black "Ozturk, Kubra"]
[Result "1/2-1/2"]
[WhiteElo "2257"]
[BlackElo "2188"]
[PlyCount "79"]
[EventDate "2008.08.??"]
[EventType "swiss"]
[EventRounds "13"]
[EventCountry "TUR"]

1. e4 e5 2. Nf3 Nc6 3. Bb5 a6 4. Ba4 Nf6 5. O-O b5 6. Bb3 Bb7 7. d3 Be7 8. Nbd2
O-O 9. Re1 d6 10. a3 Na5 11. Ba2 c5 12. Nf1 h6 13. Ng3 Re8 14. Nh4 d5 15. exd5
Bxd5 16. Nhf5 Bf8 17. Bxd5 Qxd5 18. Qe2 Nc6 19. c3 Rad8 20. Ne4 Re6 21. Qf3 Kh8
22. Be3 c4 23. Qh3 cxd3 24. Nxf6 Rxf6 25. Bg5 Rxf5 26. Bxd8 e4 27. Bb6 Bd6 28.
Qg4 Ne5 29. Qxe4 Nc4 30. Qxd5 Rxd5 31. Bd4 Nxb2 32. Reb1 Nc4 33. Rd1 d2 34. Kf1
Bc5 35. Bxc5 Rxc5 36. Ra2 Kh7 37. Ke2 Re5+ 38. Kf1 Rc5 39. Ke2 Re5+ 40. Kf1
1/2-1/2

[Event "World Junior Chess Championship U18 g"]
[Site "Gaziantep"]
[Date "2008.08.07"]
[Round "6.8"]
[White "Ivakhinova, Inna"]
[Black "Isgandarova, Khayala"]
[Result "1-0"]
[WhiteElo "2248"]
[BlackElo "2207"]
[PlyCount "46"]
[EventDate "2008.08.??"]
[EventType "swiss"]
[EventRounds "13"]
[EventCountry "TUR"]

1. d4 Nf6 2. c4 g6 3. Nc3 Bg7 4. e4 d6 5. Be2 O-O 6. Nf3 e5 7. Be3 Ng4 8. Bg5
f6 9. Bh4 g5 10. Bg3 Nh6 11. d5 Nd7 12. Nd2 f5 13. exf5 Nxf5 14. Nde4 h6 15.
O-O Nf6 16. Re1 Nd4 17. Rc1 Bf5 18. Bd3 Qd7 19. c5 g4 20. cxd6 cxd6 21. Nxd6
Nxd5 22. Nxf5 Nxc3 23. bxc3 Nxf5 1-0

[Event "World Junior Chess Championship U18 g"]
[Site "Gaziantep"]
[Date "2008.08.07"]
[Round "6.9"]
[White "Preethi, Rajkumar"]
[Black "Foisor, Sabina-Francesca"]
[Result "1-0"]
[WhiteElo "2183"]
[BlackElo "2337"]
[PlyCount "47"]
[EventDate "2008.08.??"]
[EventType "swiss"]
[EventRounds "13"]
[EventCountry "TUR"]

1. e4 e6 2. d4 d5 3. Nc3 Nf6 4. Bg5 dxe4 5. Nxe4 Be7 6. Bxf6 gxf6 7. Nf3 a6 8.
Bd3 b5 9. Qe2 Bb7 10. O-O-O Nd7 11. Rhe1 Bd5 12. Kb1 c6 13. Nfd2 Qb6 14. c4
bxc4 15. Nxc4 Qb8 16. Rc1 a5 17. Ne3 O-O 18. Nc3 Re8 19. Ncxd5 cxd5 20. Nxd5
exd5 21. Qg4+ Kf8 22. Bxh7 Qxb2+ 23. Kxb2 Reb8+ 24. Ka1 1-0

[Event "World Junior Chess Championship U18 g"]
[Site "Gaziantep"]
[Date "2008.08.07"]
[Round "6.10"]
[White "Majdan, Joanna"]
[Black "Berke, Ana"]
[Result "1-0"]
[WhiteElo "2323"]
[BlackElo "2100"]
[PlyCount "101"]
[EventDate "2008.08.??"]
[EventType "swiss"]
[EventRounds "13"]
[EventCountry "TUR"]

1. e4 c5 2. Nf3 d6 3. d4 cxd4 4. Nxd4 Nf6 5. Nc3 Nc6 6. Bg5 Bd7 7. Qd2 Rc8 8.
Be2 Qa5 9. Nb3 Qb4 10. f3 Na5 11. Be3 a6 12. a3 Nxb3 13. axb4 Nxd2 14. Kxd2 e5
15. Nd5 Be6 16. c4 Nd7 17. Bd3 g6 18. g4 Bg7 19. Rhc1 f5 20. gxf5 gxf5 21. exf5
Bxd5 22. cxd5 Rxc1 23. Rxc1 Kd8 24. b3 Bf6 25. Rg1 Ke8 26. Be2 Kf7 27. Rc1 Bd8
28. f4 Rg8 29. Bf3 Kf6 30. Be4 Rg4 31. Rc8 Bb6 32. Bxb6 Nxb6 33. Rf8+ Ke7 34.
Rb8 Rxf4 35. Rxb7+ Kf6 36. Ke3 Nc8 37. Rxh7 Ne7 38. Rh6+ Kf7 39. Rxd6 Nxf5+ 40.
Bxf5 Rxf5 41. Ke4 Rf4+ 42. Kxe5 Rxb4 43. Rf6+ Ke7 44. Rxa6 Rxb3 45. Ra7+ Kd8
46. Ke6 Rh3 47. Ra8+ Kc7 48. d6+ Kc6 49. Rc8+ Kb7 50. d7 Rh6+ 51. Kf5 1-0

[Event "World Junior Chess Championship U18 g"]
[Site "Gaziantep"]
[Date "2008.08.07"]
[Round "6.11"]
[White "Guo, Qi"]
[Black "Severiukhina, Zoja"]
[Result "1/2-1/2"]
[WhiteElo "2048"]
[BlackElo "2300"]
[PlyCount "96"]
[EventDate "2008.08.??"]
[EventType "swiss"]
[EventRounds "13"]
[EventCountry "TUR"]

1. d4 Nf6 2. c4 g6 3. Nc3 Bg7 4. e4 d6 5. Nf3 O-O 6. Be2 e5 7. Be3 Ng4 8. Bg5
f6 9. Bh4 g5 10. Bg3 Nh6 11. d5 Nd7 12. Nd2 f5 13. exf5 Nxf5 14. Nde4 h6 15.
O-O Nf6 16. Rc1 b6 17. Bd3 a5 18. Qd2 Nh5 19. f3 Nf4 20. Bf2 h5 21. g3 Nh3+ 22.
Kg2 g4 23. Be3 Nd4 24. fxg4 Bxg4 25. Bxd4 exd4 26. Nb5 Qe7 27. Bb1 Rxf1 28.
Rxf1 Rf8 29. Nxd4 Rxf1 30. Kxf1 Qe5 31. Ne6 Qf5+ 32. Nf4 Be5 33. Ke1 Nxf4 34.
gxf4 Bxf4 35. Qd4 Be5 36. Qd2 Bf4 37. Qc3 Be5 38. Qd2 Qf3 39. Nf2 Bf4 40. Qc2
Qe3+ 41. Kf1 Bh3+ 42. Nxh3 Qxh3+ 43. Qg2+ Qxg2+ 44. Kxg2 Kg7 45. h4 Kf6 46. b3
Bd2 47. Kh3 Be3 48. Be4 Bf2 1/2-1/2

[Event "World Junior Chess Championship U18 g"]
[Site "Gaziantep"]
[Date "2008.08.07"]
[Round "6.12"]
[White "Soumya, Swaminathan"]
[Black "Kalashyan, Varduhi"]
[Result "1-0"]
[WhiteElo "2293"]
[BlackElo "2049"]
[PlyCount "77"]
[EventDate "2008.08.??"]
[EventType "swiss"]
[EventRounds "13"]
[EventCountry "TUR"]

1. e4 c5 2. Nf3 d6 3. d4 cxd4 4. Nxd4 Nf6 5. Nc3 a6 6. Be3 e5 7. Nb3 Be6 8. Qd2
Nbd7 9. O-O-O Rc8 10. f4 b5 11. Kb1 Be7 12. f5 Bc4 13. g4 b4 14. Nd5 Nxe4 15.
Qxb4 Bxd5 16. Rxd5 Nef6 17. Ra5 d5 18. Qa4 d4 19. g5 Ng4 20. Bxa6 Rb8 21. Bd2
O-O 22. Rg1 Nf2 23. f6 Bd6 24. Qc6 Bb4 25. Bxb4 Rxb4 26. fxg7 Kxg7 27. Rb5 Rxb5
28. Bxb5 Nb8 29. Qh6+ Kg8 30. g6 fxg6 31. Rxg6+ hxg6 32. Qxg6+ Kh8 33. Qh6+ Kg8
34. Bc4+ Rf7 35. Qg6+ Kh8 36. Bxf7 Qf8 37. Qf6+ Kh7 38. Bg6+ Kg8 39. Bh7+ 1-0

[Event "World Junior Chess Championship U18 g"]
[Site "Gaziantep"]
[Date "2008.08.07"]
[Round "6.13"]
[White "Mamedjarova, Turkan"]
[Black "Alavi, Hour Homa"]
[Result "1-0"]
[WhiteElo "2284"]
[BlackElo "1723"]
[PlyCount "69"]
[EventDate "2008.08.??"]
[EventType "swiss"]
[EventRounds "13"]
[EventCountry "TUR"]

1. d4 d5 2. Nf3 Nf6 3. e3 Bf5 4. c4 c6 5. Nc3 Nbd7 6. cxd5 cxd5 7. Qb3 Nb6 8.
a4 Qd6 9. a5 Nbd7 10. Qxb7 Rb8 11. Qxa7 Qb4 12. Nd2 e5 13. Ra4 Qd6 14. dxe5
Qxe5 15. Nf3 Qd6 16. Nd4 Bg6 17. a6 Be7 18. Ncb5 Qb6 19. Qxb6 Nxb6 20. Ra1 Kd7
21. g3 Ne4 22. Bh3+ f5 23. Nxf5 Bb4+ 24. Ke2 Ng5 25. Bg4 h5 26. Nh4+ hxg4 27.
Nxg6 Rhe8 28. Rd1 Ne4 29. Rd4 Bc5 30. Rd3 Rbc8 31. Nc3 Bb4 32. Nxd5 Rc2+ 33.
Kd1 Nxf2+ 34. Kxc2 Rc8+ 35. Kb3 1-0

[Event "World Junior Chess Championship U18 g"]
[Site "Gaziantep"]
[Date "2008.08.07"]
[Round "6.14"]
[White "Muminova, Nafisa"]
[Black "Borosova, Zuzana"]
[Result "1/2-1/2"]
[WhiteElo "2242"]
[BlackElo "2254"]
[PlyCount "82"]
[EventDate "2008.08.??"]
[EventType "swiss"]
[EventRounds "13"]
[EventCountry "TUR"]

1. e4 e5 2. Nf3 Nc6 3. Be2 Nf6 4. Nc3 d5 5. exd5 Nxd5 6. O-O Nxc3 7. bxc3 e4 8.
Ne1 Bd6 9. d3 Bf5 10. Rb1 Rb8 11. dxe4 Bxe4 12. Bd3 O-O 13. Qg4 Bg6 14. f4 f5
15. Qh3 Qf6 16. Kh1 Bc5 17. Nf3 b6 18. Bd2 Rbe8 19. Rbe1 h6 20. Nh4 Rxe1 21.
Bxe1 Bh7 22. Nf3 Qf7 23. Bb5 Qd5 24. c4 Qd6 25. Bxc6 Qxc6 26. Ne5 Qe4 27. Bc3
Bd4 28. Bxd4 Qxd4 29. Qd3 Rd8 30. Rd1 Qxd3 31. cxd3 c5 32. Kg1 g5 33. g3 Kg7
34. Kf2 Bg8 35. Rb1 Rd6 36. Rb3 a6 37. Rb2 Bf7 38. a4 a5 39. Ke3 Be8 40. Ra2
Kf6 41. Ra1 g4 1/2-1/2

[Event "World Junior Chess Championship U18 g"]
[Site "Gaziantep"]
[Date "2008.08.07"]
[Round "6.15"]
[White "Paikidze, Nazi"]
[Black "Pertlova, Sona"]
[Result "1/2-1/2"]
[WhiteElo "2277"]
[BlackElo "2217"]
[PlyCount "88"]
[EventDate "2008.08.??"]
[EventType "swiss"]
[EventRounds "13"]
[EventCountry "TUR"]

1. e4 c5 2. c3 Nf6 3. e5 Nd5 4. d4 cxd4 5. cxd4 d6 6. Nf3 e6 7. Nc3 Nc6 8. Nxd5
exd5 9. Bd3 Be7 10. O-O O-O 11. h3 dxe5 12. dxe5 Be6 13. Bf4 Qd7 14. Qe2 Bf5
15. Rad1 Rad8 16. Bg3 Bxd3 17. Qxd3 Qe6 18. a3 a6 19. Rd2 Rd7 20. Rc1 Rdd8 21.
b4 b5 22. Qb3 f6 23. exf6 Bxf6 24. Rcd1 Ne7 25. Re1 Qf7 26. Be5 h6 27. Bxf6
Qxf6 28. Nd4 Rd6 29. Qg3 Ng6 30. Qe3 Nf4 31. Kh2 Qh4 32. Nf3 Qh5 33. Qe5 Qg6
34. Nh4 Qf6 35. g3 Ng6 36. Nxg6 Qxg6 37. Kg2 Qf6 38. f4 Qxe5 39. fxe5 Rc6 40.
h4 Rc3 41. Rxd5 Rff3 42. Rd8+ Kh7 43. Re2 Rxg3+ 44. Kf2 Rgf3+ 1/2-1/2

[Event "World Junior Chess Championship U18 g"]
[Site "Gaziantep"]
[Date "2008.08.07"]
[Round "6.16"]
[White "Leks, Hanna"]
[Black "Bodnaruk, Anastasia"]
[Result "0-1"]
[WhiteElo "2198"]
[BlackElo "2394"]
[PlyCount "76"]
[EventDate "2008.08.??"]
[EventType "swiss"]
[EventRounds "13"]
[EventCountry "TUR"]

1. e4 c5 2. Nf3 d6 3. d4 Nf6 4. Nc3 cxd4 5. Nxd4 Nc6 6. Bg5 e6 7. Bb5 Bd7 8.
Bxc6 bxc6 9. Qf3 e5 10. Nf5 Bxf5 11. Qxf5 Be7 12. O-O-O Qd7 13. Qf3 Qe6 14. Rd3
O-O 15. h4 Rad8 16. Rhd1 h6 17. Bxf6 Bxf6 18. Qh3 Be7 19. g4 Rd7 20. h5 Rb8 21.
b3 Rdb7 22. Ne2 Rb4 23. Ng3 Rd8 24. c3 Rb7 25. Nf5 Bg5+ 26. Kc2 d5 27. Qf3 Rbd7
28. Ng3 g6 29. hxg6 fxg6 30. Qg2 a5 31. a4 d4 32. c4 Qxg4 33. f3 Qe6 34. Rh1
Rb7 35. Ne2 Rdb8 36. Rb1 Qxc4+ 37. bxc4 Rxb1 38. Rxd4 exd4 0-1

[Event "World Junior Chess Championship U18 g"]
[Site "Gaziantep"]
[Date "2008.08.07"]
[Round "6.17"]
[White "Sgircea, Silvia-Raluca"]
[Black "Daulyte, Deimante"]
[Result "0-1"]
[WhiteElo "2167"]
[BlackElo "2288"]
[PlyCount "44"]
[EventDate "2008.08.??"]
[EventType "swiss"]
[EventRounds "13"]
[EventCountry "TUR"]

1. e4 c5 2. Nf3 d6 3. d4 cxd4 4. Qxd4 a6 5. c4 Nc6 6. Qd2 Nf6 7. Nc3 g6 8. b3
Bg7 9. Bb2 O-O 10. Be2 Bg4 11. O-O Nd7 12. Nd5 Bxb2 13. Qxb2 Nc5 14. Ne1 Bxe2
15. Qxe2 e6 16. Nc3 Qf6 17. Rc1 b5 18. cxb5 Nd4 19. Qd2 Ncxb3 20. axb3 Nxb3 21.
Qc2 Nxc1 22. Nf3 Qxc3 0-1

[Event "World Junior Chess Championship U18 g"]
[Site "Gaziantep"]
[Date "2008.08.07"]
[Round "6.18"]
[White "Davletbazeva, Madina"]
[Black "Tsatsalashvili, Keti"]
[Result "1/2-1/2"]
[WhiteElo "2155"]
[BlackElo "2271"]
[PlyCount "68"]
[EventDate "2008.08.??"]
[EventType "swiss"]
[EventRounds "13"]
[EventCountry "TUR"]

1. e4 c5 2. Nf3 d6 3. d4 cxd4 4. Nxd4 Nf6 5. Nc3 Nc6 6. Bg5 e6 7. Qd2 Qb6 8.
O-O-O Qxd4 9. Qxd4 Nxd4 10. Rxd4 a6 11. Be2 Bd7 12. f4 Bc6 13. Rhd1 Be7 14. Bf3
e5 15. R4d3 h6 16. Bxf6 Bxf6 17. Rxd6 exf4 18. Nd5 Be5 19. Nc7+ Ke7 20. Rxc6
bxc6 21. Nxa8 Rxa8 22. h3 g6 23. Rd3 a5 24. Rb3 Ra7 25. a3 h5 26. Be2 f6 27.
Rb6 Kd7 28. Bc4 h4 29. Ra6 Rxa6 30. Bxa6 Bd4 31. c3 Be3+ 32. Kc2 Kd6 33. Be2
Ke5 34. Kd3 c5 1/2-1/2

[Event "World Junior Chess Championship U18 g"]
[Site "Gaziantep"]
[Date "2008.08.07"]
[Round "6.19"]
[White "Pourkashiyan, Atousa"]
[Black "Tjolsen, Katrine"]
[Result "0-1"]
[WhiteElo "2269"]
[BlackElo "2121"]
[PlyCount "76"]
[EventDate "2008.08.??"]
[EventType "swiss"]
[EventRounds "13"]
[EventCountry "TUR"]

1. e4 c5 2. Nf3 Nc6 3. d4 cxd4 4. Nxd4 Nf6 5. Nc3 e5 6. Ndb5 d6 7. Bg5 a6 8.
Na3 b5 9. Nd5 Be7 10. Bxf6 Bxf6 11. c3 Bg5 12. Nc2 O-O 13. a4 bxa4 14. Rxa4 a5
15. Bc4 Rb8 16. b3 Kh8 17. Nce3 g6 18. Qe2 f5 19. h4 Bxe3 20. Qxe3 f4 21. Qd3
h5 22. Ra2 Kh7 23. g3 Be6 24. O-O g5 25. Qf3 Kh6 26. Kh2 Rb7 27. Rh1 Rg7 28.
hxg5+ Qxg5 29. Ne3 fxg3+ 30. Qxg3 Qf6 31. Nf5+ Bxf5 32. Qe3+ Kh7 33. exf5 Qh4+
34. Qh3 Qf4+ 35. Qg3 Rxg3 36. fxg3 Qf3 37. Rd2 h4 38. gxh4 Qf4+ 0-1

[Event "World Junior Chess Championship U18 g"]
[Site "Gaziantep"]
[Date "2008.08.07"]
[Round "6.20"]
[White "Chierici, Marianna"]
[Black "Yildiz, Betül Cemre"]
[Result "0-1"]
[WhiteElo "2037"]
[BlackElo "2236"]
[PlyCount "50"]
[EventDate "2008.08.??"]
[EventType "swiss"]
[EventRounds "13"]
[EventCountry "TUR"]

1. e4 c5 2. c3 d5 3. exd5 Qxd5 4. d4 e6 5. Nf3 Nf6 6. Na3 Be7 7. Nb5 Qd8 8. Bf4
Na6 9. dxc5 Nd5 10. Nd6+ Kf8 11. Bxa6 Nxf4 12. Qd4 Bxd6 13. cxd6 Nxg2+ 14. Kf1
bxa6 15. Kxg2 Bb7 16. Rhe1 Qg5+ 17. Kh3 Bxf3 18. Rg1 Qf5+ 19. Kg3 h5 20. h3 e5
21. Qd2 e4 22. c4 h4+ 23. Kh2 Qe5+ 24. Rg3 hxg3+ 25. fxg3 Rxh3+ 0-1

[Event "World Junior Chess Championship U18 g"]
[Site "Gaziantep"]
[Date "2008.08.07"]
[Round "6.21"]
[White "Gasik, Anna"]
[Black "Hegarty, Sarah"]
[Result "1/2-1/2"]
[WhiteElo "2211"]
[BlackElo "1966"]
[PlyCount "96"]
[EventDate "2008.08.??"]
[EventType "swiss"]
[EventRounds "13"]
[EventCountry "TUR"]

1. e4 c5 2. Nf3 Nc6 3. d4 cxd4 4. Nxd4 g6 5. c4 Bg7 6. Be3 Nf6 7. Nc3 Ng4 8.
Qxg4 Nxd4 9. Qd1 e5 10. Nb5 O-O 11. Qd2 Qe7 12. f3 Nxb5 13. cxb5 Rd8 14. Bc4 d5
15. Bxd5 Be6 16. O-O Bxd5 17. exd5 Qd7 18. Rfd1 Qxb5 19. Rac1 Rac8 20. Rxc8
Rxc8 21. d6 b6 22. d7 Rd8 23. Qd6 Bf8 24. Qc7 Be7 25. Rd2 Qa5 26. a3 Qa4 27. h3
f6 28. f4 Qe4 29. Kf2 exf4 30. Qxf4 Qe6 31. Qc7 f5 32. b4 Bh4+ 33. g3 Be7 34.
Bf4 g5 35. Be5 f4 36. g4 Qb3 37. Bc3 Qe6 38. Qe5 Qxe5 39. Bxe5 Rf8 40. Bc7 Bd8
41. Bxd8 Rxd8 42. Kf3 Kf7 43. h4 gxh4 44. Kxf4 Ke6 45. Rh2 Rxd7 46. Rxh4 Kf6
47. Rh6+ Kg7 48. Rh3 Kg6 1/2-1/2

[Event "World Junior Chess Championship U18 g"]
[Site "Gaziantep"]
[Date "2008.08.07"]
[Round "6.22"]
[White "Corke, Anya"]
[Black "Middelveld, Martine"]
[Result "1-0"]
[WhiteElo "2255"]
[BlackElo "2073"]
[PlyCount "69"]
[EventDate "2008.08.??"]
[EventType "swiss"]
[EventRounds "13"]
[EventCountry "TUR"]

1. d4 e6 2. Nf3 Nf6 3. g3 b6 4. Bg2 Bb7 5. O-O c5 6. dxc5 bxc5 7. b3 Be7 8. Bb2
O-O 9. Nbd2 Qc7 10. c3 Ne4 11. Nxe4 Bxe4 12. Nd2 Bxg2 13. Kxg2 d6 14. e4 Nd7
15. Qe2 a5 16. Rad1 Nb6 17. c4 Nd7 18. Nb1 a4 19. Nc3 axb3 20. Nb5 Qc6 21. axb3
Rfd8 22. Kg1 Ra2 23. Rd2 Nf6 24. f3 Ne8 25. Rfd1 Nc7 26. Nc3 Raa8 27. Nb1 Rab8
28. Rd3 Qa6 29. Qd2 Rb6 30. Qc3 Bf6 31. e5 Be7 32. exd6 Bf6 33. dxc7 Rf8 34.
Qc2 Qa2 35. Rd8 1-0

[Event "World Junior Chess Championship U18 g"]
[Site "Gaziantep"]
[Date "2008.08.07"]
[Round "6.23"]
[White "Bayrak, Asli"]
[Black "Toth, Sarolta"]
[Result "0-1"]
[WhiteElo "2013"]
[BlackElo "2151"]
[PlyCount "124"]
[EventDate "2008.08.??"]
[EventType "swiss"]
[EventRounds "13"]
[EventCountry "TUR"]

1. e4 c5 2. Nf3 e6 3. d4 cxd4 4. Nxd4 a6 5. Bd3 Bc5 6. Nb3 Be7 7. Be3 d6 8. Qe2
Nf6 9. N1d2 Nbd7 10. O-O-O Ne5 11. f4 Nxd3+ 12. Qxd3 b5 13. e5 dxe5 14. Qxd8+
Bxd8 15. fxe5 Ng4 16. Rhe1 Nxe5 17. Bc5 Nd7 18. Ne4 Nxc5 19. Nd6+ Ke7 20. Nxc5
Bb6 21. b4 Bxc5 22. bxc5 Ra7 23. Re3 Bb7 24. g4 g6 25. g5 h6 26. Rh3 h5 27. Rf1
Rf8 28. Rc3 b4 29. Rc4 a5 30. Rcf4 f5 31. gxf6+ Kd7 32. f7 Bd5 33. Kb2 Kc6 34.
Nc8 Rc7 35. Nb6 Kxc5 36. Nxd5 exd5 37. Rf6 Rc6 38. R6f3 Re6 39. h4 Kd6 40. Kb3
Ke7 41. a3 bxa3 42. Kxa3 Re4 43. Rb3 Rb4 44. Re3+ Kd7 45. Re5 Rxh4 46. Rxd5+
Ke7 47. Rxa5 Rd4 48. Re5+ Kd7 49. c3 Rd6 50. c4 h4 51. c5 Re6 52. Rd5+ Ke7 53.
Rd4 h3 54. Rb4 Ra8+ 55. Kb3 Re3+ 56. Kc2 Kf8 57. Kd2 Rg3 58. Rc4 h2 59. Rh4
Ra2+ 60. Ke1 Ra1+ 61. Kf2 Rxf1+ 62. Kxf1 Rg1+ 0-1

[Event "World Junior Chess Championship U18 g"]
[Site "Gaziantep"]
[Date "2008.08.07"]
[Round "6.24"]
[White "Hamrakulova, Yulduz"]
[Black "Antonova, Nadezhda"]
[Result "1-0"]
[WhiteElo "2145"]
[BlackElo "1883"]
[PlyCount "133"]
[EventDate "2008.08.??"]
[EventType "swiss"]
[EventRounds "13"]
[EventCountry "TUR"]

1. Nf3 d5 2. d4 e6 3. c4 c5 4. cxd5 exd5 5. g3 Nc6 6. Bg2 Nf6 7. O-O Be7 8.
dxc5 Bxc5 9. a3 O-O 10. b4 Bb6 11. Nc3 Be6 12. Bg5 Re8 13. Na4 h6 14. Nxb6 axb6
15. Be3 Ne4 16. Re1 Nd6 17. Nd2 Nf5 18. Nf1 d4 19. Bf4 b5 20. Qc2 Nfe7 21. Red1
Qb6 22. Bd6 Red8 23. Bc5 Qa6 24. Qb2 Bc4 25. Bxe7 Nxe7 26. Rxd4 Rxd4 27. Qxd4
Bxe2 28. Ne3 Bc4 29. a4 Nc6 30. Qc3 Be6 31. Bf1 Qb6 32. a5 Qd4 33. Qxd4 Nxd4
34. Rd1 Nc6 35. Rb1 Nd4 36. Bg2 Nc6 37. f4 Re8 38. Kf2 Rd8 39. a6 Bc8 40. Bxc6
bxc6 41. Ra1 Kf8 42. Ke2 Ke7 43. Nc2 g6 44. Ke3 Be6 45. a7 Ra8 46. Kd4 Kd6 47.
Ne3 Kc7 48. Kc5 Kb7 49. Nc2 Rxa7 50. Rxa7+ Kxa7 51. Kxc6 Ka6 52. Nd4 Bc4 53.
Kc5 h5 54. h4 Bd3 55. Nb3 f6 56. Nd4 Bc4 57. Nc6 Kb7 58. Kd6 Kb6 59. Nb8 f5 60.
Nc6 Kb7 61. Ne5 Kc8 62. Nxg6 Kd8 63. Ne7 Bd3 64. Nd5 Be4 65. Ke5 Bxd5 66. Kxd5
Kd7 67. Ke5 1-0

[Event "World Junior Chess Championship U18 g"]
[Site "Gaziantep"]
[Date "2008.08.07"]
[Round "6.25"]
[White "Eric, Jovena"]
[Black "Karayaylali, Pinar"]
[Result "1-0"]
[WhiteElo "2111"]
[BlackElo "1597"]
[PlyCount "83"]
[EventDate "2008.08.??"]
[EventType "swiss"]
[EventRounds "13"]
[EventCountry "TUR"]

1. e4 e6 2. d4 d5 3. Nd2 Nf6 4. e5 Nfd7 5. Bd3 c5 6. c3 Nc6 7. Ne2 cxd4 8. cxd4
f6 9. exf6 Nxf6 10. O-O Bd6 11. Nf3 O-O 12. Bf4 Bxf4 13. Nxf4 Ne4 14. Nh5 Bd7
15. Ng3 Nxg3 16. hxg3 Qf6 17. Qd2 e5 18. dxe5 Nxe5 19. Nxe5 Qxe5 20. Rae1 Qd6
21. Qg5 Rae8 22. Qh4 g6 23. Rd1 Qf6 24. Qb4 Bc6 25. Qa3 a6 26. b4 Rd8 27. Qb3
Kh8 28. a4 d4 29. b5 Bd5 30. Qb4 axb5 31. axb5 Qb6 32. Rde1 Rde8 33. Re5 Bf7
34. Rfe1 Rd8 35. Re7 Kg8 36. R1e4 Rd6 37. Rxb7 Qxb7 38. Qxd6 Rb8 39. Rxd4 Re8
40. Rf4 Re7 41. Bc4 Bxc4 42. Qd8+ 1-0